• 首页
  • 本馆介绍
  • 公告通知
  • 最新文献
  • 馆藏检索
  • 电子资源
  • 读者导购
  • 参考咨询
  • 我的图书馆
  • 登录
  • 详细信息显示
  • 放入我的书架
  • 预约/预借图书
  • 作者相关作品
  • 分类相关作品
  • 丛书相关作品
  • 出版社相关作品

书目信息

  • 表格格式
  • 工作单格式
  • 卡片格式
题名:
家居表现经典案例
    
 
作者: 刘孟辉 编著
分册:   厨卫篇
出版信息: 北京   中国电力出版社  2007
页数: 271页
开本: 26cm
丛书名: 建筑表现人从业宝典
单 册:
中图分类: TU241-39
科图分类:
主题词: 住宅--室内设计--计算机辅助设计 , 住宅--厨房--室内设计--计算机辅助设计 , 住宅 , 室内设计 , 住宅--卫生间--室内设计--计算机辅助设计 , 厨房 , 卫生间 , 计算机辅助设计
电子资源:
ISBN: 978-7-5083-4916-9
000 01162oam2 2200349 450
001 003366570
005 20070805094500.29
010    @a978-7-5083-4916-9@dCNY68.00@z7-5083-4916-4
100    @a20070110d2007 em y0chiy0110 ea
101 0  @achi
102    @aCN@b110000
105    @aa z 000yy
200 1  @a家居表现经典案例@9jia ju biao xian jing dian an li@i厨卫篇@f刘孟辉编著
210    @a北京@c中国电力出版社@d2007
215    @a271页@c图@d26cm@e1光盘
225 2  @a建筑表现人从业宝典
307    @a附光盘:ISBN 978-7-900201-81-2
312    @a封面英文共同题名:Home design presentation classical example
330    @a本书主要介绍了厨卫的装饰设计,向读者介绍了厨卫效果图的制作手法及全部详细过程。
461  0 @12001 @a建筑表现人从业宝典
606 0  @a住宅@x室内设计@x计算机辅助设计
606 0  @a住宅@x厨房@x室内设计@x计算机辅助设计
606 0  @a住宅
606 0  @a室内设计
606 0  @a住宅@x卫生间@x室内设计@x计算机辅助设计
606 0  @a厨房
606 0  @a卫生间
606 0  @a计算机辅助设计
690    @aTU241-39@v4
701  0 @a刘孟辉@9liu meng hui@c(电子排版)@4编著
801  0 @aCN@bNLC@c20070805
905    @a10447@dTU241-39@e402
    
    家居表现经典案例.厨卫篇/刘孟辉编著.-北京:中国电力出版社,2007
    271页:图;26cm+1光盘.-(建筑表现人从业宝典)
    
    
    ISBN 978-7-5083-4916-9:CNY68.00
    本书主要介绍了厨卫的装饰设计,向读者介绍了厨卫效果图的制作手法及全部详细过程。
●
相关链接 在E读中查询图书 在五车中查询图书 在当当中查询图书 在豆瓣中查询图书


正题名:家居表现经典案例     索取号:TU241-39/402         预约/预借

序号 登录号 条形码 馆藏地/架位号 状态 备注
1 0808157   208081573   第二样本阅览室/ [索取号:TU241-39/402] 在馆    
2 0808158   208081582   第三借阅区/ [索取号:TU241-39/402] 在馆    
3 0808159   208081591   第三借阅区/ [索取号:TU241-39/402] 在馆    
4 0808160   208081608   第三借阅区/ [索取号:TU241-39/402] 在馆    
5 0808161   208081617   第三借阅区/ [索取号:TU241-39/402] 在馆    
6 0808162   208081626   第三借阅区/ [索取号:TU241-39/402] 在馆    
7 0808163   208081635   第三借阅区/ [索取号:TU241-39/402] 在馆    
8 0808164   208081644   第三借阅区/ [索取号:TU241-39/402] 在馆    
9 0808165   208081653   第三借阅区/ [索取号:TU241-39/402] 在馆    
10 0808166   208081662   第三借阅区/ [索取号:TU241-39/402] 在馆    
唐山师范学院图书馆 欢迎您!
大连网信软件有限公司© 版权所有